[Event "Satka Autumn 2020"]
[Site "Satka"]
[Date "2020.10.21"]
[Round "1.1"]
[White "Alekseeva, Irina"]
[Black "Bivol, Alina"]
[Result "0-1"]
[WhiteElo "2110"]
[BlackElo "2393"]
[Annotator "TA"]
[PlyCount "94"]
[EventDate "2020.10.21"]
[EventType "swiss"]
[EventCountry "RUS"]
[SourceTitle "playchess.com"]
[Source "ChessBase"]
[SourceQuality "1"]

{[%evp 21,94,10,6,0,5,0,0,0,18,18,73,67,75,14,87,-14,-21,-22,-22,-20,-21,-23,-23,-36,-27,-27,-17,-32,-45,-44,-43,-42,-33,-38,-39,-39,-45,-269,-269,-269,-269,-233,-239,-240,1105,1093,1081,1000,941,765,819,787,29977,1229,4706,854,1325,-906,-858,-797,-735,-29974,-29975,-29972,-29973,-29973,-29965,-29952,-5197,-6104,-5687,-29991,-29992,-29993,-29994]} 1. d4 Nf6 2. c4 g6 3. Nc3 d5 4. cxd5 Nxd5 5. e4 Nxc3 6. bxc3 Bg7 7. Nf3 c5 8. Bb5+ Nc6 9. O-O O-O 10. Be3 Bg4 11. Bxc6 {is cutting edge theory.} bxc6 12. Rc1 {D85: Exchange Grünfeld: Unusual White 7th moves and lines with 7 Nf3.} Qa5 13. Qb3 {[#]} Bxf3 $146 ({Predecessor:} 13... Rab8 14. Qc4 Bxf3 15. gxf3 Rb2 16. a4 Rfb8 17. dxc5 Qc7 18. f4 Qd7 19. Rfd1 Qg4+ {0-1 (25) Mela,R (1990)-Ravagnani,T (2025) Imperia 1999}) 14. gxf3 {The position is equal.} Qa6 15. Rb1 h5 (15... Kh8 $11) 16. dxc5 $16 Kh7 17. Bd4 ({White should play} 17. Kg2 $16) 17... Qe2 (17... Rab8 $11 {keeps the balance.} 18. Qc2 Qc4) 18. Bxg7 (18. Kg2 $1 $16) 18... Kxg7 $11 19. c4 Rab8 20. Qc3+ f6 21. Rb3 Rfd8 {White must now prevent ...Rxb3.} 22. Qa5 Rxb3 23. Qxd8 $15 {[%mdl 4096] Endgame KQR-KQR} (23. axb3 Rd7 $17) 23... Rb7 24. Qc8 Rb2 25. Qxc6 Qxf3 {Strongly threatening ...Qg4+.} 26. Qe6 Re2 27. Qxe7+ {[%mdl 64] Double Attack} Kh6 28. Qf8+ Kg5 29. c6 $2 (29. e5 $15) 29... Rxe4 $19 {[%cal Re4g4]} 30. h3 Kh4 ({Resist} 30... Rxc4 31. Qd6 $19) (30... Qxh3 31. f4+ $1 {[%mdl 512]} Kg4 32. c7 $17) 31. Qd6 {Threatens to win with c7.} Rxc4 ({Less strong is} 31... Qxh3 32. Qxf6+ g5 33. f4 $11) 32. Rd1 {And now Rd4+ would win.} Rf4 $4 {[%mdl 8192]} (32... Qxh3 33. Rd4+ Rxd4 34. Qxf6+ Kg4 35. Qxd4+ Kg5 36. c7 $18) (32... Kxh3 $19 33. Qd3 Qxd3 34. Rxd3+ Kg4) 33. Rd2 $18 g5 {[#]} 34. c7 $1 {[%cal Rc7c8]} Qxh3 35. Rd3 Qg4+ 36. Rg3 Qe2 37. Rg2 (37. Qc5 $142 Qe1+ 38. Kg2 Qe4+ 39. Kh2 Qe6 40. c8=Q Qxc8 41. Qxc8 Rxf2+ 42. Rg2) 37... Qe1+ 38. Kh2 Qc3 39. Kg1 $4 {[%mdl 8192]} (39. Qe6 $18) 39... Qc1+ $19 40. Kh2 {[#]} Rf3 $1 {[%csl Gh4][%cal Rf3h3]} 41. Qd7 g4 42. Rxg4+ hxg4 {[%cal Rf3f2]} 43. Qh7+ Kg5 44. Qg7+ Kf5 {( -> ...Rh3+)} 45. Qd7+ Kf4 {[%cal Rf3f2]} 46. Qd6+ Kg5 47. Qd5+ {[#]} Kh4 $1 {Av CentiPawn Loss W=-181/B=-104. Weighted=-235/-104} 0-1

[Event "Satka Autumn 2020"]
[Site "Satka"]
[Date "2020.10.21"]
[Round "1.2"]
[White "Guseva, Marina"]
[Black "Loskutova, Viktoriya"]
[Result "1-0"]
[WhiteElo "2377"]
[BlackElo "2110"]
[Annotator "TA"]
[PlyCount "90"]
[EventDate "2020.10.21"]
[EventType "swiss"]
[EventCountry "RUS"]
[SourceTitle "playchess.com"]
[Source "ChessBase"]
[SourceQuality "1"]

{[%evp 15,90,0,14,0,0,-9,0,0,0,0,10,4,4,-14,0,10,0,-22,70,10,217,182,159,178,211,222,317,289,304,222,222,226,294,256,278,218,218,218,218,218,218,218,218,218,218,218,218,218,217,127,218,218,218,0,33,0,0,0,0,0,0,0,0,0,0,0,811,811,804,789,12849,12201,6548,11330,7475,5052,29981]} 1. d4 Nf6 2. c4 e6 3. Nc3 Bb4 4. f3 d5 5. a3 Bxc3+ 6. bxc3 {[%cal Bb2c3,Bc3c4,Bc4d5,Bd5d6][%mdl 32]} c5 7. cxd5 Nxd5 8. dxc5 f5 9. c4 {E25: Nimzo-Indian: Sämisch: 5...c5 6 f3 d5 7 cxd5.} Qf6 10. Bg5 Qxg5 11. cxd5 {The position is equal.} O-O {[#]} 12. Kf2 $146 ({Predecessor:} 12. dxe6 Bxe6 13. Qc1 f4 14. g3 Nd7 15. Bh3 Nxc5 16. Bxe6+ Nxe6 17. Nh3 Qh6 18. Nf2 Qg5 19. Nh3 Qh6 20. Nf2 Qg5 {½-½ (20) Kirszenberg,M (2204)-Borodin,G (1779) St Petersburg 2017}) 12... Rd8 13. d6 b6 $1 14. Nh3 Qf6 15. Rc1 $36 {[%mdl 2048] Threatens to win with c6. White has good play.} bxc5 16. Rxc5 Qf8 (16... Nd7 $11 17. Rc2 Nb6) 17. e3 (17. Nf4 $1 $14) 17... Rxd6 $2 {[#]} (17... Nd7 $11 18. Rc2 Nb6) 18. Qxd6 $1 $18 {[%mdl 512]} Qxd6 19. Rxc8+ Kf7 20. Be2 a5 (20... h6 {was called for.} 21. Rb1 Qd7) 21. Rb1 Qd7 22. Rcxb8 Rxb8 23. Rxb8 Qd6 24. Rb7+ Kf6 25. f4 {And now Ng5 would win.} h6 26. a4 g5 27. Rb5 g4 28. Ng1 Qd2 29. Rc5 h5 30. g3 Qb4 31. Rc4 $1 {[%cal Rc4b4]} Qb7 32. h4 (32. Bf1 $1 $18) 32... Qb2 {[#]} (32... Qb1 $16 33. Rc5 Qb4) 33. Rd4 $1 Qc2 34. Rc4 $2 (34. Kf1 $18) 34... Qd2 35. e4 Qb2 36. exf5 exf5 37. Kg2 Qb7+ 38. Kh2 Qb2 39. Rc6+ Kg7 40. Rc5 Kg6 $2 {[%mdl 8192]} (40... Qd4 $11 41. Rxf5 Qf2+ 42. Kh1 Kh6) 41. Rxa5 {White is clearly winning.} Qd4 42. Ra6+ Kg7 {[#]} 43. Bf1 $1 {[%cal Rf1g2]} Qf2+ 44. Bg2 Qd2 45. a5 Qd1 {Av CentiPawn Loss W=65/B=163. Weighted=22/50} 1-0

[Event "Satka Autumn 2020"]
[Site "Satka"]
[Date "2020.10.21"]
[Round "1.3"]
[White "Petrukhina, Olga"]
[Black "Voit, Daria"]
[Result "0-1"]
[WhiteElo "2109"]
[BlackElo "2343"]
[Annotator "RC"]
[PlyCount "100"]
[EventDate "2020.10.21"]
[EventType "swiss"]
[EventCountry "RUS"]
[SourceTitle "playchess.com"]
[Source "ChessBase"]
[SourceQuality "1"]
[TimeControl "5400+30"]

1. Nf3 {[%emt 0:00:00]} d5 {[%emt 0:00:00]} 2. g3 {[%emt 0:00:00]} Nf6 {[%emt 0:00:00]} 3. Bg2 {[%emt 0:00:00]} c6 {[%emt 0:00:06]} 4. c4 {[%emt 0:00:28]} g6 {[%emt 0:00:19]} 5. O-O {[%emt 0:00:16]} Bg7 {[%emt 0:00:03]} 6. d4 {[%emt 0:00:11]} O-O {[%emt 0:00:20]} 7. Qb3 {[%emt 0:00:09]} Qb6 {[%emt 0:00:07]} 8. Nc3 {[%emt 0:00:08]} Rd8 {[%emt 0:00:03]} 9. h3 {[%emt 0:02:57]} h6 {[%emt 0:00:15]} 10. c5 {[%emt 0:03:27]} Qxb3 {[%emt 0:00:10]} 11. axb3 {[%emt 0:00:01]} Na6 {[%emt 0:00:11]} 12. g4 {[%emt 0:08:22]} Nd7 {[%emt 0:01:06]} 13. Rd1 {[%emt 0:05:42]} Re8 {[%emt 0:03:05]} 14. Bd2 {[%emt 0:01:24]} e5 {[%emt 0:17:11]} 15. e3 {[%emt 0:00:24]} exd4 {[%emt 0:01:33]} 16. exd4 {[%emt 0:00:02]} Nc7 {[%emt 0:01:36]} 17. Bf1 {[%emt 0:04:56]} Ne6 {[%emt 0:01:06]} 18. Be3 {[%emt 0:00:12]} a6 {[%emt 0:01:14]} 19. b4 {[%emt 0:04:00]} Rb8 {[%emt 0:00:11]} 20. Bd3 {[%emt 0:02:32]} Ndf8 {[%emt 0:04:56]} 21. Ne2 {[%emt 0:11:26]} g5 {[%emt 0:02:32]} 22. Ng3 {[%emt 0:04:54]} Ng6 {[%emt 0:00:53]} 23. Nf5 {[%emt 0:03:52]} Nef4 {[%emt 0:04:07]} 24. Nd6 {[%emt 0:14:03]} Nxh3+ {[%emt 0:02:31]} 25. Kh2 {[%emt 0:01:09]} Bxg4 {[%emt 0:02:25]} 26. Bxg6 {[%emt 0:08:28]} fxg6 {[%emt 0:01:17]} 27. Nxe8 {[%emt 0:00:28]} Rxe8 {[%emt 0:00:18]} 28. Kg3 {[%emt 0:00:52]} h5 {[%emt 0:21:33]} 29. Rd2 {[%emt 0:07:19]} Bxf3 {[%emt 0:14:40]} 30. Kxf3 {[%emt 0:00:02]} g4+ {[%emt 0:00:08]} 31. Kg2 {[%emt 0:05:19]} g5 {[%emt 0:04:29]} 32. b5 {[%emt 0:01:34]} axb5 {[%emt 0:00:36]} 33. Ra7 {[%emt 0:00:09]} Re7 {[%emt 0:00:32]} 34. Ra8+ {[%emt 0:03:55]} Kf7 {[%emt 0:02:35]} 35. Rb8 {[%emt 0:03:09]} h4 {[%emt 0:01:40]} 36. b3 {[%emt 0:05:05]} Kg6 {[%emt 0:03:17]} 37. Ra2 {[%emt 0:00:57]} Nf4+ {[%emt 0:00:09]} 38. Bxf4 {[%emt 0:00:36]} gxf4 {[%emt 0:00:05]} 39. f3 {[%emt 0:00:12]} Kf5 {[%emt 0:02:15]} 40. fxg4+ {[%emt 0:00:20]} Kxg4 {[%emt 0:00:05]} 41. Rg8 {[%emt 0:00:34]} f3+ {[%emt 0:00:37]} 42. Kh2 {[%emt 0:00:54]} Re2+ {[%emt 0:05:09]} 43. Rxe2 {[%emt 0:00:11]} fxe2 {[%emt 0:00:03]} 44. Rxg7+ {[%emt 0:00:01]} Kf3 {[%emt 0:00:08]} 45. Re7 {[%emt 0:01:16]} Kf2 {[%emt 0:00:05]} 46. Rxb7 {[%emt 0:00:33]} e1=Q {[%emt 0:00:13]} 47. Rf7+ {[%emt 0:00:03]} Ke2 {[%emt 0:00:09]} 48. Re7+ {[%emt 0:00:01]} Kd2 {[%emt 0:00:08]} 49. Rxe1 {[%emt 0:00:09]} Kxe1 {[%emt 0:00:03]} 50. Kh3 {[%emt 0:00:11]} Kd2 {[%emt 0:00:05]} 0-1

[Event "Satka Autumn 2020"]
[Site "Satka"]
[Date "2020.10.21"]
[Round "1.4"]
[White "Kovanova, Baira"]
[Black "Martynyuk, Elizaveta"]
[Result "1-0"]
[WhiteElo "2324"]
[BlackElo "2102"]
[Annotator "TA"]
[PlyCount "77"]
[EventDate "2020.10.21"]
[EventType "swiss"]
[EventCountry "RUS"]
[SourceTitle "playchess.com"]
[Source "ChessBase"]
[SourceQuality "1"]

{[%evp 14,77,0,-12,60,53,49,29,47,35,48,0,0,0,27,-19,27,-14,-10,-10,88,103,135,141,178,176,191,195,212,193,219,209,343,339,369,362,384,330,320,314,301,316,322,339,329,326,347,348,357,334,365,356,517,500,504,452,454,461,858,864,1194,1162,1191,1166,1200,1194]} 1. Nf3 c5 2. g3 Nc6 3. Bg2 g6 4. d3 d6 5. O-O Bg7 6. e4 e5 7. c3 Nge7 8. Be3 Qb6 {[#] A04: Unusual lines after 1 Nf3 and King's Indian Attack.} (8... O-O $11) 9. b4 $1 $14 {[%mdl 512]} O-O {[#]} (9... cxb4 10. Bxb6) 10. a3 $146 ({Predecessor:} 10. a4 a5 11. b5 Nd8 12. Na3 Bg4 13. Nc4 Qc7 14. h3 Bxf3 15. Bxf3 b6 16. Qd2 {½-½ (27) Sarmir,M (2055)-Pepino,E (2193) Imperia 2014}) 10... h6 {White has an edge.} 11. Nbd2 Be6 12. Qe2 (12. Nc4 $5 {[%cal Rc4b6]} Qc7 13. bxc5 dxc5 14. Bxc5 $11) 12... Nd4 13. Qd1 Qa6 14. Ne1 f5 15. f3 Nb5 16. Qc1 Rac8 (16... f4 $11 17. Bf2 b6) 17. a4 $36 {[%mdl 2048] White is in control. White stays focused until the end.} Nd4 {[#] ...Ne2+ is the strong threat.} 18. Qd1 $1 f4 {[#]} 19. Bf2 $1 fxg3 20. hxg3 cxb4 21. cxd4 exd4 22. Nb3 Rc3 (22... Nc6 $142 23. f4 g5) 23. Nxd4 $18 Bf7 24. Rb1 b3 25. Nxb3 Bxb3 26. Rxb3 Qxa4 27. Rb1 {[%mdl 64] Discovered Attack} Qxd1 28. Rxd1 a5 29. f4 a4 30. d4 a3 31. Nd3 Ra8 32. e5 d5 (32... Rd8 {was necessary.} 33. Be1 Rc2) 33. Be1 {White is clearly winning.} Rc4 34. Bb4 Kf7 35. Bc5 Ke6 (35... Rc3 $142 36. g4 a2) 36. g4 Bh8 {[#]} 37. f5+ $1 gxf5 38. gxf5+ Nxf5 39. Nf4+ {Av CentiPawn Loss W=-12/B=-50. Weighted=-13/-67} 1-0

[Event "Satka Autumn 2020"]
[Site "Satka"]
[Date "2020.10.21"]
[Round "1.5"]
[White "Mukhina, Jana"]
[Black "Borisova, Ekaterina"]
[Result "0-1"]
[WhiteElo "2025"]
[BlackElo "2292"]
[Annotator "TA"]
[PlyCount "106"]
[EventDate "2020.10.21"]
[EventType "swiss"]
[EventCountry "RUS"]
[SourceTitle "playchess.com"]
[Source "ChessBase"]
[SourceQuality "1"]

{[%evp 16,106,22,-9,0,-36,-36,-34,-24,-50,-52,-67,-57,-69,-70,-73,-77,-83,-79,-95,-96,-202,-192,-193,-145,-125,-112,-112,-160,-149,-107,-154,-158,-131,-159,-150,-17,-41,-6,-7,-7,-8,-10,-170,-162,-153,-149,-149,-66,-85,-76,-252,-173,-147,-141,-141,-134,-144,-156,-286,-286,-280,-135,-293,-178,-468,-454,-460,-445,-392,-408,-759,-753,-725,-702,-631,-620,-2467,-1993,-1656,-1343,-2498,-2235,-6070,-6047,-29975,-29976,-29975,-29976,-29977,-29974,-29987,-29988]} 1. e4 e6 2. d3 d5 3. Nd2 c5 4. g3 Nc6 5. Bg2 Nf6 6. Ngf3 g6 7. exd5 Nxd5 8. O-O Bg7 9. Ne4 b6 $1 {A08: King's Indian Attack.} 10. Bg5 f6 11. Bd2 O-O {Black is slightly better.} 12. Re1 e5 13. Qc1 Be6 14. Bh6 Qd7 15. Bxg7 Kxg7 {[#]} 16. h4 $146 ({Predecessor:} 16. a4 Ndb4 17. a5 Rac8 18. axb6 axb6 19. Qd2 Rc7 20. Rad1 h6 21. c3 Bb3 22. cxb4 Bxd1 23. Rxd1 Nxb4 24. Qc3 {½-½ (24) Gonzalvo Lara,V (2108)-Guzman Moneo,A (2231) Aragon 2009}) 16... h6 17. Kh2 Rad8 18. Rh1 (18. a3 $17) 18... f5 $19 19. Ned2 f4 20. Qe1 Nf6 21. Nxe5 Nxe5 22. Qxe5 Kh7 {...Ng4+ is the strong threat.} 23. Bf3 Bd5 {aiming for ...Bxf3.} 24. Ne4 Bxe4 $1 25. dxe4 Rde8 (25... Ng4+ $1 $17 26. Bxg4 Qxg4) 26. Qc3 $1 $11 ({Wrong is} 26. Qxf4 $2 Nxe4 27. Rhd1 Qg7 $19) 26... fxg3+ 27. fxg3 Nxe4 28. Bxe4 Rxe4 29. Rhg1 $2 (29. Rhe1 $11 {and White stays safe.} Rf2+ 30. Kg1) 29... Rf2+ $19 ({Don't play} 29... Re2+ 30. Rg2 $17) 30. Rg2 Rxg2+ 31. Kxg2 $17 {[%mdl 4096] Endgame [#] KQR-KQR} Qd5 (31... Re2+ $1 $17 32. Kf1 Rd2) 32. Kf2 $15 Rc4 $40 {[%mdl 128] Black wants a kill.} 33. Qd3 $2 (33. Qb3 $17) 33... Qxd3 34. cxd3 $19 {KR-KR} Rc2+ 35. Kf3 Rxb2 36. a4 Rb3 37. Ke4 (37. Ke2 $17) 37... Rb4+ 38. Ke5 Rd4 (38... h5 $19 {and Black stays clearly on top.} 39. a5 Rd4 40. axb6 axb6 41. Ra7+ Kh6) 39. Ra3 $2 (39. Rf1 $17) 39... a5 40. Kf6 $2 {[#]} (40. Rb3) 40... h5 $1 41. Kf7 Kh6 42. Kf6 Rg4 43. Rb3 (43. d4 $142 Rxd4 44. Re3) 43... Rxg3 44. Rxb6 Rf3+ 45. Ke6 Rxd3 46. Kf7 Rf3+ 47. Kg8 Rf4 48. Rb5 Rxa4 49. Rxc5 Rxh4 50. Rxa5 Rf4 {Black mates.} 51. Ra7 h4 52. Rh7+ Kg5 53. Kg7 Ra4 {Av CentiPawn Loss W=-117/B=-39. Weighted=-82/-41} 0-1

[Event "Satka Autumn 2020"]
[Site "Satka"]
[Date "2020.10.21"]
[Round "1.6"]
[White "Smirnova, Ekaterina"]
[Black "Shnayder, Violetta"]
[Result "1-0"]
[WhiteElo "2282"]
[BlackElo "1917"]
[Annotator "TA"]
[PlyCount "59"]
[EventDate "2020.10.21"]
[EventType "swiss"]
[EventCountry "RUS"]
[SourceTitle "playchess.com"]
[Source "ChessBase"]
[SourceQuality "1"]

{[%evp 12,59,40,43,60,58,88,83,77,83,83,79,118,96,133,136,152,158,216,225,218,217,199,154,206,131,143,145,141,123,179,185,193,185,306,293,362,363,484,483,997,966,29983,29984,29983,29984,29984,29984,29998,29999]} 1. d4 Nf6 2. c4 g6 3. Nc3 Bg7 4. e4 d6 5. Be2 O-O 6. Be3 e5 7. d5 Ne8 {E73: King's Indian: Averbakh Variation without 6...c5.} 8. g4 f5 9. gxf5 gxf5 {White is better.} 10. exf5 Bxf5 11. Nf3 {[#]} a5 $146 ({Predecessor:} 11... Nd7 12. Rg1 Kh8 13. Bg5 Bf6 14. Qd2 Nc5 15. Qe3 Bxg5 16. Nxg5 a5 17. O-O-O {½-½ (17) Oliva Castaneda,K (2491)-Perez Mitjans,O (2399) Barbera del Valles 2018}) 12. Rg1 Kh8 13. Ng5 Qd7 14. Bg4 Nf6 (14... a4 $16 15. Ne6 Bxe6 16. Bxe6 Qe7) 15. Bxf5 $18 Qxf5 16. Ne6 Rf7 17. Qe2 c6 (17... Na6 $16 18. O-O-O Rg8) 18. Nxg7 Rxg7 19. Rxg7 Kxg7 20. O-O-O cxd5 (20... Kh8 $16 {was necessary.} 21. Qc2 Qxc2+ 22. Kxc2 Ra6) 21. Nxd5 ({Resist} 21. cxd5 $6 Kh8 $16) 21... Nxd5 22. Rxd5 Ra6 (22... Nc6 $142 23. Rxd6 Rd8 24. Rxd8 Nxd8) 23. Rb5 Nc6 24. Rxb7+ Kf6 25. c5 {[%mdl 64] [#] Discovered Attack} Ra8 (25... Ra7 $142) 26. Qc4 {[%csl Gb7][%cal Rc4f7]} Nd8 27. Qh4+ {[%mdl 64] Double Attack. White mates.} Ke6 28. Qe7+ Kd5 29. Qxd6+ Kc4 30. b3+ {Av CentiPawn Loss W=-8/B=-92. Weighted=-12/-87} 1-0

[Event "Satka Autumn 2020"]
[Site "Satka"]
[Date "2020.10.21"]
[Round "1.7"]
[White "Leolko, Ludmila"]
[Black "Afonasieva, Anna"]
[Result "0-1"]
[WhiteElo "1899"]
[BlackElo "2279"]
[Annotator "TA"]
[PlyCount "62"]
[EventDate "2020.10.21"]
[EventType "swiss"]
[EventCountry "RUS"]
[SourceTitle "playchess.com"]
[Source "ChessBase"]
[SourceQuality "1"]

{[%evp 9,62,7,6,19,23,18,10,0,0,-10,0,-13,51,12,45,29,43,4,14,0,0,-106,-109,-181,-177,-168,-164,-166,-159,-170,-106,-117,-8,-75,-64,-104,11,12,191,-108,-104,-104,-73,-205,-173,-262,-262,-262,-258,-810,-779,-765,-737,-672,-644]} 1. d4 d5 2. c4 c6 3. Nf3 Nf6 4. g3 Bf5 5. Nc3 e6 6. Nh4 {D11: Slav Defence: 3 Nf3 sidelines and 3...Nf6 4 e3 Bg4.} dxc4 7. Nxf5 exf5 8. Bg2 {The position is equal.} Bb4 9. O-O O-O {[#]} 10. a3 $146 ({Predecessor:} 10. a4 Nbd7 11. Qc2 Nb6 12. a5 Nbd5 13. Nxd5 cxd5 14. Qxf5 h6 15. a6 b5 16. g4 {1-0 (33) Goltseva,E (2306)-Sedina,E (2299) chess.com INT 2020}) 10... Ba5 (10... Bxc3 $11 11. bxc3 Nbd7) 11. Bg5 h6 12. Bxf6 $1 Qxf6 13. e3 (13. Qa4 $5 {[%cal Ra4a5]} Bc7 14. Qxc4 $14) 13... Nd7 14. Qc2 b5 15. d5 (15. Ne2 $11 {keeps the balance.}) 15... Bxc3 $1 $17 16. dxc6 (16. bxc3 $17 {was necessary.} cxd5 17. Rab1) 16... Bxb2 $19 17. Rab1 Bxa3 {Hoping for ...Ne5.} 18. cxd7 Rab8 19. Rfd1 Rfd8 ({Better is} 19... a6 $19 20. Rd5 g6) 20. Rd5 $17 Qa6 (20... a6 $1 $17 {White must now prevent ...g6.} 21. Rxf5 Qe7) 21. Qxf5 (21. Bf1 $1 $11 {remains equal.}) 21... Qe6 $36 {[%mdl 2048] And now ...Qxf5 would win. Black is more active.} 22. Qf4 c3 ({Black should try} 22... a6 $17) 23. Qc7 $11 b4 $2 {[#]} (23... Be7 $11 {and Black is okay.}) 24. Rbd1 $2 ({White has to play} 24. Rb5 $1 $18 {[%cal Rb5b8][%mdl 512]} Rbc8 (24... Rxb5 25. Qxd8+) 25. dxc8=N Qxc8 26. Rc5 Qxc7 27. Rxc7) 24... Qb6 25. Qc4 Bb2 {Strongly threatening ...b3.} 26. Qb3 (26. Rd6 $17 Qb5 27. Qb3) 26... Qe6 $19 27. R1d4 {[#]} (27. Bf1 {is a better defense.}) 27... Rxd7 $1 {[%mdl 576] Pin} 28. Be4 {[#]} (28. Rxd7 Qxb3) 28... g6 $1 29. Qc4 $2 {[#]} (29. h4 a5 30. h5) 29... c2 $1 {Black is clearly winning.} 30. Rxd7 (30. Qxc2 Bxd4) 30... c1=Q+ 31. Qxc1 Bxc1 {Av CentiPawn Loss W=-54/B=-29. Weighted=-88/-29} 0-1

[Event "Satka Autumn 2020"]
[Site "Satka"]
[Date "2020.10.21"]
[Round "1.8"]
[White "Maltsevskaya, Aleksandra"]
[Black "Filippova, Margarita"]
[Result "0-1"]
[WhiteElo "2260"]
[BlackElo "1896"]
[Annotator "TA"]
[PlyCount "92"]
[EventDate "2020.10.21"]
[EventType "swiss"]
[EventCountry "RUS"]
[SourceTitle "playchess.com"]
[Source "ChessBase"]
[SourceQuality "1"]

{[%evp 15,92,11,33,4,44,49,53,53,52,48,57,59,51,60,91,70,62,64,68,68,83,62,83,77,148,89,89,89,89,89,89,80,84,80,45,57,95,-5,-3,-3,-4,-3,-5,-37,-24,-24,-20,-40,-35,-76,-76,-394,-398,-687,-599,-556,-570,-455,-440,-745,-743,-742,-685,-671,-660,-637,-581,-1127,-1116,-1652,-928,-1719,-1695,-1719,-1239,-1550,-1131,-29984,-29985]} 1. d4 d5 2. c4 c6 3. Nf3 Nf6 4. Nc3 e6 5. e3 Nbd7 6. Qc2 Bd6 7. Bd3 O-O 8. O-O a6 9. Rd1 {D46: Semi-Slav: 5 e3 Nbd7 6 Bd3, Black avoids the Meran.} Qe7 10. c5 Bc7 11. e4 {White is slightly better.} dxe4 12. Nxe4 h6 13. Re1 Nd5 14. Bd2 Re8 {[#]} 15. h3 $146 ({Predecessor:} 15. Ng3 Qf8 16. Re2 f5 17. Rae1 N7f6 18. b4 Bd7 19. a4 Qf7 20. Qb3 Nh5 21. Bc4 {1-0 (45) Barbosa,E (2319)-Caetano,H (2038) Campinas 2011}) 15... Qf8 16. Bc4 a5 17. a3 b6 18. cxb6 Bxb6 19. Rac1 e5 (19... Bb7 $142) 20. dxe5 (20. Qa4 $142 Re6 21. dxe5) 20... Nxe5 $16 21. Nxe5 Rxe5 22. Bxd5 cxd5 23. Qc6 Rb8 24. Bf4 Re6 25. Nd6 ({Inferior is} 25. Qxd5 Bb7 $17) 25... Bd4 {[#]} 26. Qxd5 ({White should try} 26. Red1 $1 $16 {[%cal Rd1d4]} Bxb2 {[%mdl 64] Double Attack} 27. Rb1) 26... Bxb2 $11 {[%mdl 64] Double Attack} 27. Rb1 $132 {[%mdl 2048] Threatens to win with Nxf7! White has counterplay} Rxe1+ 28. Rxe1 Be6 $1 {[%cal Re6d5]} 29. Rxe6 fxe6 30. Qxe6+ Kh7 31. Qe4+ g6 32. h4 $1 {[#]} Rd8 $1 {[%cal Rd8d6]} ({But not} 32... Bxa3 33. h5 $11) 33. Nb5 $2 {[%mdl 8192] White does not recover from this.} (33. Qc6 $17 {is tougher.}) 33... Re8 $19 34. Qc4 $2 (34. Bd6 Rxe4 35. Bxf8) 34... Re1+ 35. Kh2 {[#]} Qxf4+ $1 {[%mdl 512]} 36. Qxf4 Be5 37. Kg3 (37. g3 $142 Bxf4 38. gxf4) 37... Re4 {[%mdl 64] Pin} 38. Qxe5 Rxe5 {[%mdl 4096] Endgame KR-KN} 39. Nc3 Rc5 40. Ne4 Rb5 41. Nd2 a4 {[%cal Ba5a4,Ba4a3][%mdl 32]} 42. Kf4 {[#]} Rb3 $1 {[%mdl 512]} 43. Ke4 (43. Nxb3 axb3) 43... Rxa3 44. Kd4 Ra2 45. Kc3 a3 46. h5 {[#]} Rxd2 $1 {[%mdl 512] Av CentiPawn Loss W=-111/B=-54. Weighted=-87/-44} 0-1

[Event "Satka Autumn 2020"]
[Site "Satka"]
[Date "2020.10.21"]
[Round "1.9"]
[White "Vanishvili, Mari"]
[Black "Schepetkova, Margarita"]
[Result "0-1"]
[WhiteElo "1878"]
[BlackElo "2257"]
[Annotator "TA"]
[PlyCount "84"]
[EventDate "2020.10.21"]
[EventType "swiss"]
[EventCountry "RUS"]
[SourceTitle "playchess.com"]
[Source "ChessBase"]
[SourceQuality "1"]

{[%evp 17,84,-20,-21,-10,29,-2,-11,-8,71,68,75,72,68,81,110,104,83,100,126,123,100,83,84,48,75,0,0,0,0,-66,-61,-104,-99,-99,-96,-96,-105,-99,-86,-124,-117,-145,-118,-145,-132,-167,-136,-143,-140,-141,-146,-143,-115,-132,-97,-387,-381,-604,-594,-578,-556,-29975,-29974,-29988,-29989,-29990,-29989,-29996,-29997]} 1. f4 d5 2. Nf3 g6 3. g3 Bg7 4. Bg2 Nf6 5. O-O O-O 6. d3 c6 7. Nc3 Nbd7 8. e4 dxe4 9. dxe4 e5 $1 10. f5 {[#] A03: Bird's Opening with 1...d5.} b6 $146 ({Predecessor:} 10... Re8 11. Nh4 Nc5 12. Qe2 b5 13. Be3 Qe7 14. Qf2 Ncd7 15. h3 Ba6 16. g4 b4 17. Ne2 Nxg4 18. hxg4 Bxe2 19. Qxe2 Qxh4 {0-1 (43) Jakubiec,A (2565)-Aleksandrov,A (2666) Warsaw 2004}) 11. fxg6 hxg6 12. Qd6 {The position is equal.} Nc5 (12... Re8 $11 {keeps the balance.}) 13. Qxd8 $16 Rxd8 14. Nxe5 Re8 15. Nxc6 {And now e5 would win.} Bb7 16. e5 Ng4 17. Bg5 Nxe5 18. Ne7+ Kf8 19. Bxb7 Nxb7 20. Ncd5 Rad8 21. Rf4 (21. Kg2 $16) 21... Nc5 $11 22. Raf1 {Nxg6+ is the strong threat.} Rd6 23. Rh4 (23. b3 $11) 23... Ne6 $15 24. Bf6 Bxf6 25. Nxf6 Kxe7 26. Nxe8 Kxe8 27. Re4 Nd7 28. Ra4 {[#]} a5 $1 29. Rf2 Ke7 30. Rc4 Ne5 31. Rc8 Ng5 {White must now prevent ...Nh3+.} 32. Kg2 Ne4 33. Re2 f5 34. Rb8 g5 35. h3 g4 36. h4 $2 {[%mdl 8192] This costs White the game.} (36. hxg4 $17 Nxg4 37. Kf3) 36... Nf3 $19 {[#] aiming for ...Rd1.} 37. Rc8 (37. Rg8 $142 Kf7 38. Rxg4 fxg4 39. Rxe4) 37... Rd1 {[%csl Gf3][%cal Rd1g1]} 38. Rxe4+ fxe4 39. Rc4 Re1 {Black mates.} 40. a3 Kd6 41. h5 b5 42. Rc8 e3 {Av CentiPawn Loss W=-57/B=-10. Weighted=-58/-13} 0-1